| 000 | 00694cam a2200253 4500 | ||
|---|---|---|---|
| 001 | J4075 | ||
| 008 | 090401t1996 xxu||||| |||| 00| 0 eng d | ||
| 035 | _a(Sirsi) u58143 | ||
| 041 | _aeng | ||
| 050 | _a690 | ||
| 110 | _aBuilding Research Establishment | ||
| 245 | _aReplacing masonry wall ties. | ||
| 260 |
_aGarston, Watford _bBuilding Research Establishment _c1996 |
||
| 300 | _a4p. : ill. ; 30cm. | ||
| 350 | _a0 | ||
| 490 |
_aBRE Good Repair Guide _v4 |
||
| 650 | _aCAVITY WALLS | ||
| 650 | _aMASONRY WALL TIES | ||
| 650 | _aREPLACEMENT WALL TIES | ||
| 650 | _aWALL TIES | ||
| 690 | _aBUILDING AND CONSTRUCTION-REPAIRS AND MAINTENANCE | ||
| 942 | _n0 | ||
| 948 | _c04/03/1997 | ||
| 999 |
_c94033 _d94033 |
||